000 00952nac a22002051u 4500
020 _a9774249712
082 _a330.9174927
_bAm54
090 _c3224
_d3224
100 _aAmin , Galal.
245 _aThe Illusion Of Progress In The Arab World:
_bA Critique Of Western Misconstructions /
_cGalal Amin.
260 _aCiro, New York:
_bThe American University In Cairo,2007
_c2007.
300 _a160p.;
_c15cm.
504 _aIncludes Notes.
650 _aArab countries--Social conditions.
650 _aArab countries--Economic conditions.
700 _aAmin , Galal.
942 _cBB
_k330.9174927Am54
999 _c3224
_d3224